000 00705nam a22002177a 4500
005 20241204160406.0
010 _aENG-142841
020 _a9788131225561
_c945.00
035 _aEN-126373
037 _bDBAD
082 _23
_a636
100 _aDaftary, Shirish N
_974700
245 _aManual Of Obstetrics/
_cBy Shirish N Daftary [and] Sudip Chakravarti
250 _a3
260 _aNew Delhi
_bReed Elsevier India Private Limited.
_c2011
270 _a622, Indraprakash Building, 21 Barakhamba Road,
_bNew Delhi
_e110001
300 _a621p.
_bill., col.
_c28cm(Pb)
500 _aReferences,Index
700 _aChakravarti, Sudip
_eAuthor
_974701
942 _2ddc
_cEN
_e3
_h636
_mDAF
999 _c207410
_d207410